Statistics for Countries with Decreasing HDI Score (2017-18)

Click here to take the quiz!

General Stats

  • This quiz has been taken 57 times
  • The average score is 7 of 18

Answer Stats

Change Country HDI (2018) % Correct
-0.010Yemen0.452
71%
-0.006Republic of the Congo0.606
65%
-0.005Venezuela0.761
63%
-0.001Chad0.404
59%
-0.006South Sudan0.388
55%
-0.001Saudi Arabia0.853
45%
-0.001Oman0.821
45%
-0.003Honduras0.617
39%
-0.001Kuwait0.803
35%
-0.005El Salvador0.674
33%
-0.006East Timor0.625
29%
-0.001Burundi0.417
29%
-0.001Belize0.708
27%
-0.003Dominica0.715
25%
-0.002Mongolia0.741
22%
-0.001Equatorial Guinea0.591
14%
-0.001Trinidad and Tobago0.784
14%
-0.003Vanuatu0.603
6%

Score Distribution

Percentile by Number Answered

Percent of People with Each Score

Your Score History

You have not taken this quiz